000 00224nam a22000857a 4500
008 161020b xxu||||| |||| 00| 0 eng d
100 _9905
_aRoy.G.etal
245 _aArts Skills Class-7
260 _aNew Delhi
_bAPC Publications
_c2015
999 _c3559
_d3559